000 00803cam a22002531 4500
001 18289
003 BD-RjUL
005 20211209000250.0
008 140220s1944 enk j 000 1 eng d
035 _a(BD-RjUL)18347
040 _aDLC
_cPPT
_dDLC
_dBD-RjUL
_beng
041 _aeng
082 0 0 _a823.9
_bLIW 1944
100 1 _aLinklater, Eric,
_d1899-1974.
_956310
245 1 4 _aThe wind on the moon /
_ca story for children by Eric Linklater; Nicolas Bentley drew the pictures.
260 _aLondon :
_bMacmillan & co. ltd,
_c1944.
300 _a3 p. l., 363, [1] p. :
_billus.;
_c19 cm.
650 1 _aSisters
_vFiction.
_942373
650 1 _aFantasy.
_956311
700 1 _aBentley, Nicolas,
_d1907-1978,
_eillus.
_956312
942 _2ddc
_cBK
999 _c18289
_d18289